Passive and Active Measurement 17th International Conference, PAM 2016, Heraklion, Greece, March 31 - April 1, 2016. Proceedings /

This book constitutes the proceedings of the 17th International Conference on Passive and Active Measurement, PAM 2016, held in Heraklion, Crete, Greece, in March/April 2016. The 30 full papers presented in this volume were carefully reviewed and selected from 93 submissions. They are organized in t...

Full description

Bibliographic Details
Corporate Author: SpringerLink (Online service)
Other Authors: Karagiannis, Thomas (Editor), Dimitropoulos, Xenofontas (Editor)
Format: Electronic eBook
Language:English
Published: Cham : Springer International Publishing : Imprint: Springer, 2016.
Edition:1st ed. 2016.
Series:Lecture Notes in Computer Science, 9631
Subjects:
Online Access:Full Text via HEAL-Link
LEADER 04432nam a22005535i 4500
001 978-3-319-30505-9
003 DE-He213
005 20160330021233.0
007 cr nn 008mamaa
008 160330s2016 gw | s |||| 0|eng d
020 |a 9783319305059  |9 978-3-319-30505-9 
024 7 |a 10.1007/978-3-319-30505-9  |2 doi 
040 |d GrThAP 
050 4 |a QA76.9.E94 
072 7 |a UYD  |2 bicssc 
072 7 |a COM074000  |2 bisacsh 
082 0 4 |a 004.24  |2 23 
245 1 0 |a Passive and Active Measurement  |h [electronic resource] :  |b 17th International Conference, PAM 2016, Heraklion, Greece, March 31 - April 1, 2016. Proceedings /  |c edited by Thomas Karagiannis, Xenofontas Dimitropoulos. 
250 |a 1st ed. 2016. 
264 1 |a Cham :  |b Springer International Publishing :  |b Imprint: Springer,  |c 2016. 
300 |a XI, 414 p. 160 illus.  |b online resource. 
336 |a text  |b txt  |2 rdacontent 
337 |a computer  |b c  |2 rdamedia 
338 |a online resource  |b cr  |2 rdacarrier 
347 |a text file  |b PDF  |2 rda 
490 1 |a Lecture Notes in Computer Science,  |x 0302-9743 ;  |v 9631 
505 0 |a Exploring Tor's Activity Through Long-term Passive TLS Traffic Measurement -- Measuring the latency and pervasiveness of TLS certificate revocation -- Tracking Personal Identifiers Across the Web -- Like a Pack of Wolves: Community Structure of Web Trackers -- A First Analysis of Multipath TCP on Smartphones -- Crowdsourcing Measurements of Mobile Network Performance and Mobility during a Large Scale Event -- A Study of MVNO Data Paths and Performance -- Detecting Cellular Middleboxes using Passive Measurement Techniques -- Home or Access? Locating Last-mile Downstream Throughput Bottlenecks -- A Case Study of Traffic Demand Response to Broadband Service-Plan Upgrades -- eXploring Xfinity: A first look at provider-enabled community networks -- NAT Revelio: Detecting NAT444 in the ISP -- GPLMT: A Lightweight Experimentation and Testbed Management Framework -- Periscope: Unifying Looking Glass Querying -- Analyzing Locality of Mobile Messaging Traffic using the MATAdOR Framework -- Scout: A Point of Presence Recommendation System Using Real User Monitoring Data -- Is The Web HTTP/2 Yet -- Modeling HTTP/2 Speed from HTTP/1 Traces -- Behind Box-Office Sales: Understanding Automation Spam in Online Classifieds -- Towards a Model of DNS Client Behavior -- Detecting DNS Root Manipulation -- Behind IP Prefix Overlaps in the BGP Routing Table -- Characterizing Rule Compression Mechanisms in Software-defined Networks -- Blackholing at IXPs: On the Effectiveness of DDoS Mitigation in the Wild -- Dissecting the Largest National Ecosystem of Public Internet eXchange Points in Brazil -- traIXroute: Detecting IXPs in traceroute paths -- A Brief History of MPLS Usage in IPv6 -- An Empirical Study of Android Alarm Usage for Application Scheduling -- Network Timing and the 2015 Leap Second -- Can Machine Learning Benefit Bandwidth Estimation at Ultra High-speeds. 
520 |a This book constitutes the proceedings of the 17th International Conference on Passive and Active Measurement, PAM 2016, held in Heraklion, Crete, Greece, in March/April 2016. The 30 full papers presented in this volume were carefully reviewed and selected from 93 submissions. They are organized in topical sections named: security and privacy; mobile and cellular; the last mile; testbeds and frameworks; web; DNS and routing; IXPs and MPLS; and scheduling and timing. 
650 0 |a Computer science. 
650 0 |a Computer communication systems. 
650 0 |a Computer system failures. 
650 0 |a Computer security. 
650 0 |a Management information systems. 
650 1 4 |a Computer Science. 
650 2 4 |a System Performance and Evaluation. 
650 2 4 |a Computer Communication Networks. 
650 2 4 |a Systems and Data Security. 
650 2 4 |a Information Systems Applications (incl. Internet). 
650 2 4 |a Management of Computing and Information Systems. 
700 1 |a Karagiannis, Thomas.  |e editor. 
700 1 |a Dimitropoulos, Xenofontas.  |e editor. 
710 2 |a SpringerLink (Online service) 
773 0 |t Springer eBooks 
776 0 8 |i Printed edition:  |z 9783319305042 
830 0 |a Lecture Notes in Computer Science,  |x 0302-9743 ;  |v 9631 
856 4 0 |u http://dx.doi.org/10.1007/978-3-319-30505-9  |z Full Text via HEAL-Link 
912 |a ZDB-2-SCS 
912 |a ZDB-2-LNC 
950 |a Computer Science (Springer-11645)